|
|
|
|
| LEADER |
01468nam a2200421 a 4500 |
| 001 |
000031048 |
| 003 |
CZ BrMZK |
| 005 |
20230228145741.0 |
| 007 |
ta |
| 008 |
950313s1995 xr e 0 cze d |
| 015 |
|
|
|a cnb000110177
|
| 020 |
|
|
|a 80-85285-70-3
|
| 040 |
|
|
|a BOA001
|b cze
|
| 043 |
|
|
|a e-xr---
|a e------
|
| 072 |
|
7 |
|a 73
|x Sochařství, keramika, porcelán, umělecké zpracování kovů
|2 Konspekt
|9 21
|
| 080 |
|
|
|a 069.5-027.551
|2 MRF
|
| 080 |
|
|
|a 738
|2 MRF
|
| 080 |
|
|
|a 738.22
|2 MRF
|
| 080 |
|
|
|a (437.3)
|2 MRF
|
| 080 |
|
|
|a (4)
|2 MRF
|
| 080 |
|
|
|a (048.8)
|2 MRF
|
| 080 |
|
|
|a (084.12)
|2 MRF
|
| 100 |
1 |
|
|a Kybalová, Jana,
|d 1928-2018
|7 jk01071240
|4 aut
|
| 245 |
1 |
0 |
|a Keramická sbírka Hugo Vavrečky /
|c Jana Kybalová ; fotogtafie Gabriel Urbánek
|
| 250 |
|
|
|a 1. vyd.
|
| 260 |
|
|
|a Praha :
|b Kentaur,
|c 1995
|
| 300 |
|
|
|a 23, 231 s. :
|b barev. il. ;
|c 29 cm
|
| 500 |
|
|
|a Bibliogr. na konci kn.
|
| 600 |
1 |
7 |
|a Vavrečka, Hugo,
|d 1880-1952
|7 jk01141773
|2 czenas
|
| 650 |
0 |
7 |
|a soukromé sbírky
|7 ph135214
|z Česko
|2 czenas
|
| 650 |
0 |
7 |
|a umělecká keramika
|7 ph126880
|z Evropa
|2 czenas
|
| 650 |
0 |
7 |
|a fajáns
|7 ph120124
|z Evropa
|2 czenas
|
| 655 |
|
7 |
|a monografie
|7 fd132842
|2 czenas
|
| 655 |
|
7 |
|a fotografické publikace
|7 fd132276
|2 czenas
|
| 700 |
1 |
|
|a Urbánek, Gabriel,
|d 1948-
|7 jo20000082707
|4 pht
|
| 910 |
|
|
|a BOA001
|b 4-1011.408
|
| 990 |
|
|
|a BK
|
| 996 |
6 |
|
|b 2610024287
|c 4-1011.408
|l MZK
|r Sklad / do 1 hodiny
|n 15
|p p.v.
|w 000031048
|u 000010
|a 1
|e BOA001
|j MZK50
|s P
|